[Event "Gorges op 28th"]
[Site "Gorges"]
[Date "2018.07.07"]
[Round "1"]
[White "Feger, Rodolphe"]
[Black "Munkhbayar, Janjaadorj"]
[Result "1-0"]
[WhiteElo "1742"]
[BlackElo "1981"]
[PlyCount "105"]
[EventDate "2018.07.07"]
[EventType "swiss"]
[EventRounds "5"]
[EventCountry "FRA"]
[SourceTitle "EXT 2020"]
[Source "ChessBase"]
[SourceDate "2019.10.17"]
[SourceVersion "1"]
[SourceVersionDate "2019.10.17"]
[SourceQuality "1"]

1. e4 c5 2. c3 d5 3. exd5 Qxd5 4. d4 Nf6 5. Nf3 Bg4 6. dxc5 Qxd1+ 7. Kxd1 e5 8. b4 e4 9. h3 Bh5 10. g4 Nxg4 11. hxg4 Bxg4 12. Nbd2 Nc6 13. Kc2 exf3 14. Bd3 g6 15. Re1+ Kd7 16. Nc4 Bg7 17. a3 Be6 18. Bf4 Ne7 19. Rad1 Ke8 20. Nd6+ Kf8 21. Nxb7 Bxc3 22. Rxe6 fxe6 23. Bd6 Bf6 24. Be4 Kg7 25. Bxe7 Bxe7 26. Rd7 Kf6 27. Na5 Rad8 28. Rxa7 Rd4 29. Bxf3 Rf4 30. Bc6 Rxf2+ 31. Kb3 h5 32. Rd7 h4 33. Bb7 h3 34. c6 Rf3+ 35. Kc4 Rxa3 36. c7 h2 37. Rd1 Rh4+ 38. Kb5 Rxb4+ 39. Ka6 Rba4 40. c8Q Rxa5+ 41. Kb6 Rh5 42. Rf1+ Kg7 43. Qe8 Rb3+ 44. Kc7 Rc5+ 45. Bc6 Bf6 46. Qd7+ Kh6 47. Qd2+ Kg7 48. Qd7+ Kh6 49. Qxe6 Be5+ 50. Kd7 Rd3+ 51. Ke8 Re3 52. Kf7 Bf4 53. Qxg6# 1-0